Statistics for Greyhawk Modules by Cover

Click here to take the quiz!

General Stats

  • This quiz has been taken 58 times
  • The average score is 6 of 13

Answer Stats

Answer% Correct
Village of Hommlet
85%
Sinister Secret of Saltmarsh
83%
Tomb of Horrors
79%
Vecna Lives
60%
Slave Pits of the Undercity
54%
Vault of the Drow
48%
Greyhawk Ruins
40%
Treasures of Greyhawk
40%
The Gauntlet
38%
City of Skulls
27%
Five Shall Be One
27%
Return of the Eight
27%
Doomgrinder
13%

Score Distribution

Percentile by Number Answered

Percent of People with Each Score

Your Score History

You have not taken this quiz